All 10k+ Cities Bordering France on a Map - Statistics

General Stats
  • This quiz has been taken 20 times
  • The average score is 7 of 53
Answers on the Map
Answers color-coded by a green-red scale on the quiz's map according to % correct below.
 
Answer Stats
Country Locality Population % Correct
Monaco Monaco 38,000
94%
Switzerland Basel 180,075
88%
Luxembourg Esch-sur-Alzette 37,922
59%
Germany Saarbrücken 182,971
47%
Belgium Tournai 68,991
41%
Luxembourg Dudelange 22,203
29%
Spain Irun 63,737
29%
Germany Kehl 39,584
24%
Belgium Mouscron 60,304
24%
Switzerland Allschwil 22,364
18%
Luxembourg Differdange 17,723
18%
Switzerland La Chaux-de-Fonds 37,845
18%
Switzerland Oberwil 11,457
18%
Spain Puigcerdà 10,053
18%
Germany Rastatt 50,741
18%
Belgium De Panne 10,874
12%
Switzerland Le Locle 10,910
12%
Switzerland Meyrin 27,367
12%
Switzerland Monthey 19,346
12%
Switzerland Thônex 16,930
12%
Switzerland Val-de-Travers 10,706
12%
Switzerland Versoix 14,053
12%
Switzerland Veyrier 12,220
12%
Belgium Virton 11,466
12%
Germany Weil am Rhein 32,236
12%
Germany Blieskastel 20,197
6%
Belgium Comines-Warneton 18,337
6%
Spain Hondarribia 16,768
6%
Switzerland Le Grand-Saconnex 12,771
6%
Belgium Menen 34,585
6%
Germany Merzig 31,697
6%
Germany Neuenburg am Rhein 12,690
6%
Brazil Oiapoque 30,786
6%
Belgium Péruwelz 17,350
6%
Belgium Poperinge 19,962
6%
Italy Ventimiglia 23,083
6%
Belgium Veurne 12,564
6%
Germany Völklingen 40,952
6%
Belgium Wervik 19,207
6%
Belgium Aubange 17,871
0%
Belgium Bernissart 11,894
0%
Germany Breisach 16,487
0%
Belgium Couvin 13,919
0%
Belgium Dour 16,559
0%
Belgium Estaimpuis 10,878
0%
Belgium Frameries 21,630
0%
Germany Kleinblittersdorf 10,856
0%
Germany Mandelbachtal 10,844
0%
Germany Mettlach 12,621
0%
Germany Rehlingen-Siersburg 14,932
0%
Germany Rheinau 11,346
0%
Germany Überherrn 12,109
0%
Germany Wadgassen 18,025
0%
No matching quizzes found
Score Distribution
Percent of People with Each Score
Percentile by Number Answered
Your Score History
You have not taken this quiz